[Event "SUI-chT"]
[Site "Switzerland"]
[Date "2019.09.08"]
[Round "7.5"]
[White "Willems, Niels"]
[Black "Antognini, Francesco"]
[Result "1-0"]
[WhiteElo "2348"]
[BlackElo "2262"]
[PlyCount "53"]
[EventDate "2019.03.10"]
[EventType "team-tourn"]
[EventRounds "9"]
[EventCountry "SUI"]
[SourceTitle "EXT 2020"]
[Source "ChessBase"]
[SourceDate "2019.10.17"]
[SourceVersion "1"]
[SourceVersionDate "2019.10.17"]
[SourceQuality "1"]
[WhiteTeam "Echallens"]
[BlackTeam "Reti"]
[WhiteTeamCountry "SUI"]
[BlackTeamCountry "SUI"]

1. c4 Nf6 2. Nc3 e6 3. Nf3 Bb4 4. Qc2 0-0 5. e3 d6 6. d4 Nc6 7. Bd2 e5 8. Be2 Bg4 9. dxe5 Nxe5 10. a3 Bxc3 11. Bxc3 Re8 12. h3 Bh5 13. Nxe5 dxe5 14. Bxh5 Nxh5 15. Qf5 g6 16. Qe4 Nf4 17. Rd1 Qg5 18. g3 Nh5 19. h4 Qf5 20. Qxb7 Nf6 21. 0-0 Ne4 22. Rd5 g5 23. Rxe5 Qf3 24. Qb5 Rxe5 25. Qxe5 f6 26. Qd5+ Kg7 27. hxg5 1-0

[Event "SUI-chT"]
[Site "Switzerland"]
[Date "2018.03.25"]
[Round "1.7"]
[White "Novkovic, Julia"]
[Black "Antognini, Francesco"]
[Result "1/2-1/2"]
[WhiteElo "2159"]
[BlackElo "2274"]
[PlyCount "76"]
[EventDate "2018.03.25"]
[EventType "team-tourn"]
[EventRounds "9"]
[EventCountry "SUI"]
[SourceTitle "CBM 183 Extra"]
[Source "ChessBase"]
[SourceDate "2018.04.19"]
[SourceVersion "1"]
[SourceVersionDate "2018.04.19"]
[SourceQuality "1"]
[WhiteTeam "St Gallen"]
[BlackTeam "Reti"]
[WhiteTeamCountry "SUI"]
[BlackTeamCountry "SUI"]

1. e4 c6 2. d4 d5 3. Nc3 dxe4 4. Nxe4 Bf5 5. Ng3 Bg6 6. Nf3 Nd7 7. Bc4 e6 8. 0-0 Ngf6 9. Re1 Be7 10. c3 0-0 11. Nh4 Re8 12. Qf3 Qc7 13. Nxg6 hxg6 14. Bf4 Bd6 15. Bxd6 Qxd6 16. Ne4 Nxe4 17. Rxe4 Nf6 18. Re5 b6 19. Rae1 Rac8 20. Qh3 c5 21. Rxe6 Rxe6 22. Rxe6 Qd7 23. Re7 Qxe7 24. Qxc8+ Kh7 25. Qh3+ Kg8 26. Qe3 Qc7 27. Qe5 Qc8 28. d5 Qg4 29. Be2 Qa4 30. h3 Qxa2 31. c4 Qb1+ 32. Kh2 Qe4 33. f4 Kf8 34. Bg4 Qxe5 35. fxe5 Nxg4+ 36. hxg4 g5 37. Kg3 Ke7 38. Kf3 a6 1/2-1/2

[Event "SUI-chT"]
[Site "Switzerland"]
[Date "2016.03.20"]
[Round "1.4"]
[White "Kurmann, Oliver"]
[Black "Antognini, Francesco"]
[Result "1-0"]
[WhiteElo "2426"]
[BlackElo "2264"]
[PlyCount "97"]
[EventDate "2016.03.20"]
[EventType "team-tourn"]
[EventRounds "9"]
[EventCountry "SUI"]
[SourceTitle "CBM 171 Extra"]
[Source "ChessBase"]
[SourceDate "2016.04.26"]
[SourceVersion "1"]
[SourceVersionDate "2016.04.26"]
[SourceQuality "1"]
[WhiteTeam "Luzern"]
[BlackTeam "Reti"]
[WhiteTeamCountry "SUI"]
[BlackTeamCountry "SUI"]

1. e4 c6 2. d4 d5 3. Nd2 dxe4 4. Nxe4 Bf5 5. Ng3 Bg6 6. Nh3 e6 7. Nf4 Bd6 8. c3 Qc7 9. Qf3 Nf6 10. Bc4 Nbd7 11. 0-0 Nb6 12. Bb3 Nbd5 13. Nxg6 hxg6 14. c4 Ne7 15. c5 Bxg3 16. fxg3 Ned5 17. Bd2 Rh5 18. Bc2 0-0-0 19. h3 e5 20. g4 e4 21. Qe2 Rh4 22. Be1 Rhh8 23. g5 Nf4 24. Rxf4 Qxf4 25. gxf6 gxf6 26. Qxe4 Rxd4 27. Qe2 Rd5 28. Bc3 Qg3 29. Qg4+ Qxg4 30. hxg4 Rxc5 31. Bb3 Rh4 32. Bd4 Rb5 33. Bxf6 Rxg4 34. Bxf7 Rf4 35. Be6+ Kc7 36. Bc3 Re4 37. Bb3 Rg5 38. Bd1 b5 39. Bf3 Rc4 40. a3 Kb6 41. Rc1 Rgc5 42. Be2 a5 43. Bxc4 Rxc4 44. Kf2 b4 45. axb4 axb4 46. Bd2 Kb5 47. Rxc4 Kxc4 48. Bg5 Kb3 49. Be7 1-0

[Event "SUI-chT"]
[Site "Switzerland"]
[Date "2015.09.05"]
[Round "6.4"]
[White "Ermeni, Avni"]
[Black "Antognini, Francesco"]
[Result "1/2-1/2"]
[WhiteElo "2287"]
[BlackElo "2269"]
[PlyCount "120"]
[EventDate "2015.03.29"]
[EventType "team-tourn"]
[EventRounds "9"]
[EventCountry "SUI"]
[SourceTitle "EXT 2016"]
[Source "ChessBase"]
[SourceDate "2015.10.08"]
[SourceVersion "1"]
[SourceVersionDate "2015.10.08"]
[SourceQuality "1"]
[WhiteTeam "Neuchatel"]
[BlackTeam "Reti"]
[WhiteTeamCountry "SUI"]
[BlackTeamCountry "SUI"]

1. d4 Nf6 2. g3 d5 3. Bg2 c6 4. Nf3 g6 5. c4 Bg7 6. 0-0 0-0 7. Qb3 Qb6 8. c5 Qxb3 9. axb3 Bf5 10. Nc3 Nbd7 11. b4 a6 12. Bf4 Ne4 13. Rfd1 h6 14. h4 Rfe8 15. Nxe4 Bxe4 16. Bh3 Bxf3 17. exf3 Nf8 18. Ra3 f6 19. Re3 Kf7 20. Bc7 e6 21. g4 g5 22. h5 e5 23. dxe5 fxe5 24. Rde1 Ne6 25. Bd6 Nd4 26. Bf1 Re6 27. Bd3 Rxd6 28. cxd6 Ke6 29. Kg2 Kxd6 30. Bg6 Rf8 31. Kg3 Rf4 32. Rd1 Ne6 33. Re4 Kc7 34. Bf5 Nd4 35. Rdxd4 Rxe4 36. Rxd5 cxd5 37. fxe4 d4 38. b5 a5 39. Kf3 Kb6 40. Bd7 Kc5 41. Ke2 Kc4 42. b6 Bf8 43. Be6+ Kb5 44. Kd3 Kxb6 45. Kc4 Ka6 46. Bd7 d3 47. Kxd3 b5 48. b3 Kb6 49. f3 Ba3 50. Kc2 Kc5 51. Kb1 Bb4 52. Kb2 Bd2 53. Ka2 b4 54. Kb1 Kd4 55. Kc2 Ke3 56. Be6 Bc3 57. Bf5 Kxf3 58. Kd3 Bd4 59. Kc4 Bb6 60. Kd3 Bd4 1/2-1/2

[Event "SUI-chT"]
[Site "Switzerland"]
[Date "2015.05.31"]
[Round "4.5"]
[White "Georgiadis, Ioannis"]
[Black "Antognini, Francesco"]
[Result "1/2-1/2"]
[WhiteElo "2491"]
[BlackElo "2269"]
[PlyCount "131"]
[EventDate "2015.03.29"]
[EventType "team-tourn"]
[EventRounds "9"]
[EventCountry "SUI"]
[SourceTitle "EXT 2016"]
[Source "ChessBase"]
[SourceDate "2015.10.08"]
[SourceVersion "1"]
[SourceVersionDate "2015.10.08"]
[SourceQuality "1"]
[WhiteTeam "Riehen"]
[BlackTeam "Reti"]
[WhiteTeamCountry "SUI"]
[BlackTeamCountry "SUI"]

1. e4 c6 2. d4 d5 3. e5 Bf5 4. Be3 e6 5. Nd2 Nd7 6. Nb3 Ne7 7. Be2 Nc8 8. Nf3 Be7 9. 0-0 0-0 10. Nfd2 f6 11. f4 fxe5 12. dxe5 c5 13. Kh1 Ncb6 14. a4 d4 15. Bg1 Nd5 16. Nc4 N7b6 17. a5 Nxc4 18. Bxc4 Nb4 19. c3 Nc2 20. Rc1 dxc3 21. bxc3 Na3 22. Be2 b6 23. Nd2 Qd7 24. Be3 b5 25. Bg4 Qd3 26. Bxf5 Rxf5 27. Qf3 Raf8 28. Qe4 Qxe4 29. Nxe4 Nc4 30. Bxc5 Rxf4 31. Rfe1 Rxe4 32. Bxe7 Rxe1+ 33. Rxe1 Rf7 34. Bb4 Rd7 35. h3 a6 36. Rf1 Rd8 37. Be7 Re8 38. Bb4 Rd8 39. Be7 Rc8 40. Bb4 Ne3 41. Rf3 Nd5 42. Kg1 h6 43. Kf2 g5 44. Ke1 Kg7 45. g3 Rc4 46. Bf8+ Kg6 47. Kd2 h5 48. Bb4 h4 49. gxh4 gxh4 50. Rf8 Kg5 51. Ra8 Nxb4 52. cxb4 Rxb4 53. Rxa6 Kf5 54. Ra8 Ra4 55. Rh8 Kxe5 56. Rh5+ Kf6 57. Rxb5 Ra3 58. Rb4 Kg5 59. Rg4+ Kh5 60. Re4 Rxa5 61. Rxe6 Ra2+ 62. Ke1 Ra3 63. Re5+ Kg6 64. Kf2 Rxh3 65. Kg2 Ra3 66. Rb5 1/2-1/2

[Event "SUI-chT"]
[Site "Switzerland"]
[Date "2015.04.25"]
[Round "2.5"]
[White "Zueger, Beat"]
[Black "Antognini, Francesco"]
[Result "1-0"]
[WhiteElo "2388"]
[BlackElo "2269"]
[PlyCount "93"]
[EventDate "2015.03.29"]
[EventType "team-tourn"]
[EventRounds "9"]
[EventCountry "SUI"]
[SourceTitle "EXT 2016"]
[Source "ChessBase"]
[SourceDate "2015.10.08"]
[SourceVersion "1"]
[SourceVersionDate "2015.10.08"]
[SourceQuality "1"]
[WhiteTeam "Luzern"]
[BlackTeam "Reti"]
[WhiteTeamCountry "SUI"]
[BlackTeamCountry "SUI"]

1. d4 Nf6 2. c4 e6 3. Nf3 d5 4. g3 dxc4 5. Bg2 c5 6. 0-0 Nc6 7. dxc5 Qxd1 8. Rxd1 Bxc5 9. Nbd2 Bd7 10. Nxc4 Ke7 11. Nfe5 Rac8 12. Nd3 Bd4 13. e3 b5 14. Na3 b4 15. Nxb4 Bc5 16. Rxd7+ Kxd7 17. Nxc6 Rxc6 18. Bxc6+ Kxc6 19. Nc4 Nd7 20. Bd2 f6 21. Rc1 Kb7 22. b4 Bb6 23. Kf1 Bc7 24. Ke2 Ne5 25. Nb2 h5 26. h3 g5 27. f4 Nd7 28. Nd3 Rg8 29. Kf3 f5 30. Bc3 g4+ 31. hxg4 hxg4+ 32. Ke2 Rg6 33. Rh1 Kc6 34. Rh7 Nf6 35. b5+ Kb7 36. Nc5+ Kc8 37. Rh8+ Ng8 38. Nxe6 Rxe6 39. Rxg8+ Kb7 40. Rg7 Kb8 41. Rf7 Rh6 42. Rxf5 Rh3 43. Rf8+ Kb7 44. Rf7 Kb8 45. Be5 Bxe5 46. fxe5 Rh2+ 47. Kd3 1-0

[Event "SUI-chB"]
[Site "Flims"]
[Date "2012.07.19"]
[Round "8"]
[White "Antognini, Francesco"]
[Black "Lipecki, Alexander"]
[Result "1/2-1/2"]
[WhiteElo "2272"]
[BlackElo "2162"]
[PlyCount "79"]
[EventDate "2012.07.12"]
[EventType "swiss"]
[EventRounds "9"]
[EventCountry "SUI"]
[SourceTitle "CBM 149 Extra"]
[Source "ChessBase"]
[SourceDate "2012.08.24"]
[SourceVersion "1"]
[SourceVersionDate "2012.08.24"]
[SourceQuality "1"]

1. e4 e5 2. Nf3 Nc6 3. Bb5 a6 4. Bxc6 dxc6 5. 0-0 Qf6 6. d4 exd4 7. Bg5 Qd6 8. Nxd4 c5 9. Nb3 Qxd1 10. Rxd1 Bd7 11. Nc3 f6 12. Be3 b6 13. Nd5 Ra7 14. Bf4 Kd8 15. Rd2 Ne7 16. Rad1 Nxd5 17. Rxd5 c6 18. R5d2 Be7 19. a4 a5 20. Nc1 Kc8 21. Ne2 Be6 22. Nc3 Rd8 23. Bd6 Rad7 24. Bxe7 Rxd2 25. Bxd8 Rxd1+ 26. Nxd1 Kxd8 27. f4 b5 28. Kf2 Kd7 29. Kf3 Kd6 30. f5 Bf7 31. Nc3 Be8 32. b3 c4 33. bxc4 b4 34. Nd1 c5 35. Nb2 Ke5 36. Ke3 Bc6 37. Nd3+ Kd6 38. Nb2 Ke5 39. Nd3+ Kd6 40. Nb2 1/2-1/2

[Event "SUI-ch 111th"]
[Site "Leukerbad"]
[Date "2011.07.14"]
[Round "8"]
[White "Antognini, Francesco"]
[Black "Netzer, Jean"]
[Result "1/2-1/2"]
[WhiteElo "2240"]
[BlackElo "2409"]
[PlyCount "89"]
[EventDate "2011.07.07"]
[EventType "swiss"]
[EventRounds "9"]
[EventCountry "SUI"]
[SourceTitle "CBM 143 Extra"]
[Source "ChessBase"]
[SourceDate "2011.08.29"]
[SourceVersion "1"]
[SourceVersionDate "2011.08.29"]
[SourceQuality "1"]

1. Nf3 d5 2. g3 g6 3. Bg2 Nf6 4. 0-0 Bg7 5. d4 0-0 6. Bf4 c5 7. c3 Qb6 8. Qb3 Nc6 9. Rd1 Bf5 10. Na3 Rfc8 11. h3 Na5 12. Qxb6 axb6 13. Ne5 h5 14. c4 cxd4 15. cxd5 Nd7 16. Nd3 Nc4 17. Nxc4 Rxc4 18. a3 Rc2 19. Rd2 Rac8 20. Nb4 R2c5 21. e4 dxe3 22. Bxe3 Rc1+ 23. Rxc1 Rxc1+ 24. Kh2 Rb1 25. d6 exd6 26. Nd5 Be6 27. b4 Rb3 28. Nxb6 h4 29. Rxd6 hxg3+ 30. fxg3 Rxe3 31. Nxd7 Rxa3 32. Bxb7 Bc3 33. b5 Be1 34. Nf6+ Kg7 35. Ne4 Ra2+ 36. Kg1 Bxh3 37. Bd5 Ra1 38. Kh2 Bg4 39. Rf6 Bf5 40. Rxf7+ Kh6 41. b6 Rb1 42. b7 Rb2+ 43. Kh1 Bxe4+ 44. Bxe4 Bxg3 45. Rf6 1/2-1/2

[Event "Zuerich op-A 34th"]
[Site "Zuerich"]
[Date "2010.12.27"]
[Round "3"]
[White "Bindrich, Falko"]
[Black "Antognini, Francesco"]
[Result "1-0"]
[WhiteElo "2504"]
[BlackElo "2236"]
[PlyCount "41"]
[EventDate "2010.12.26"]
[EventType "swiss"]
[EventRounds "7"]
[EventCountry "SUI"]
[SourceTitle "CBM 140 Extra"]
[Source "ChessBase"]
[SourceDate "2011.03.01"]
[SourceVersion "1"]
[SourceVersionDate "2011.03.01"]
[SourceQuality "1"]

1. Nf3 Nf6 2. c4 e6 3. g3 c5 4. Bg2 Nc6 5. 0-0 Be7 6. d4 cxd4 7. Nxd4 0-0 8. Nc3 a6 9. b3 Qc7 10. Bb2 d6 11. Rc1 Nxd4 12. Qxd4 Bd7 13. Rfd1 Rfd8 14. h3 Rac8 15. Qa7 d5 16. cxd5 Bc5 17. d6 Bxa7 18. dxc7 Rxc7 19. Ne4 Nd5 20. Rxc7 Nxc7 21. Nf6+ 1-0

[Event "Zuerich Jubilee op"]
[Site "Zuerich"]
[Date "2009.08.09"]
[Round "1"]
[White "Roiz, Michael"]
[Black "Antognini, Francesco"]
[Result "1-0"]
[WhiteElo "2658"]
[BlackElo "2236"]
[PlyCount "45"]
[EventDate "2009.08.09"]
[EventType "swiss"]
[EventRounds "9"]
[EventCountry "SUI"]
[SourceTitle "CBM 131 Extra"]
[Source "ChessBase"]
[SourceDate "2009.09.03"]
[SourceVersion "2"]
[SourceVersionDate "2009.09.16"]
[SourceQuality "1"]

1. Nf3 e6 2. g3 Nf6 3. Bg2 d5 4. 0-0 c5 5. c4 d4 6. d3 Nc6 7. e3 Be7 8. exd4 cxd4 9. Na3 0-0 10. Nc2 Re8 11. Re1 Bf8 12. Rb1 a5 13. Bf4 Nd7 14. Ncxd4 Nxd4 15. Nxd4 e5 16. Nb5 exf4 17. Rxe8 Qxe8 18. Nc7 Qe5 19. Nxa8 Qb8 20. Qe2 Qxa8 21. Qe8 Nb6 22. Qd8 Nd7 23. Re1 1-0

[Event "SUI-ch"]
[Site "Graechen"]
[Date "2009.07.13"]
[Round "5"]
[White "Antognini, Francesco"]
[Black "Klauser, Markus"]
[Result "1/2-1/2"]
[WhiteElo "2236"]
[BlackElo "2386"]
[PlyCount "85"]
[EventDate "2009.07.09"]
[EventType "swiss"]
[EventRounds "9"]
[EventCountry "SUI"]
[SourceTitle "CBM 131 Extra"]
[Source "ChessBase"]
[SourceDate "2009.09.03"]
[SourceVersion "2"]
[SourceVersionDate "2009.09.16"]
[SourceQuality "1"]

1. e4 e5 2. Nf3 Nc6 3. Bb5 a6 4. Bxc6 dxc6 5. 0-0 Qf6 6. d4 exd4 7. Bg5 Qd6 8. Nxd4 Be7 9. Bxe7 Nxe7 10. Nc3 Bd7 11. Nb3 Qxd1 12. Rfxd1 b6 13. Rd2 0-0-0 14. Rad1 Rhe8 15. Nd4 c5 16. Nde2 Nc6 17. Ng3 Nd4 18. Nd5 Ba4 19. b3 Bc6 20. f3 Bxd5 21. exd5 Nb5 22. c4 Nd6 23. a4 f5 24. Kf2 g6 25. h4 f4 26. Ne2 Rf8 27. a5 Kb7 28. Rc1 h6 29. Rb2 g5 30. b4 cxb4 31. Rxb4 Nf5 32. hxg5 hxg5 33. Rh1 Rh8 34. Rxh8 Rxh8 35. c5 b5 36. Re4 Rd8 37. Nc3 Ne3 38. Rd4 Ka7 39. d6 cxd6 40. Rxd6 Rxd6 41. cxd6 Kb7 42. Nxb5 Kc6 43. Nc7 1/2-1/2

[Event "Zuerich op-A 28th"]
[Site "Zuerich"]
[Date "2004.12.??"]
[Round "1"]
[White "Antognini, Francesco"]
[Black "Pelletier, Yannick"]
[Result "0-1"]
[WhiteElo "2198"]
[BlackElo "2589"]
[PlyCount "56"]
[EventDate "2004.12.26"]
[EventType "swiss"]
[EventRounds "9"]
[EventCountry "SUI"]
[SourceTitle "EXT 2006"]
[Source "ChessBase"]
[SourceDate "2005.11.24"]
[SourceVersion "1"]
[SourceVersionDate "2005.11.24"]
[SourceQuality "1"]

1. e4 c5 2. Nf3 d6 3. d4 cxd4 4. Nxd4 Nf6 5. Nc3 a6 6. f3 e6 7. Be3 b5 8. Qd2 Nbd7 9. g4 Nb6 10. g5 Nfd7 11. 0-0-0 Bb7 12. b3 Rc8 13. Bh3 d5 14. exd5 Nxd5 15. Nxd5 Ba3+ 16. Kb1 Bxd5 17. Nf5 Qc7 18. Nxg7+ Kf8 19. Bd4 Rg8 20. Nh5 Bxf3 21. Nf6 Nxf6 22. gxf6 Bxh1 23. Qh6+ Ke8 24. Qxh7 Rg6 25. Qh8+ Bf8 26. Rxh1 Qxc2+ 27. Ka1 Qd2 28. Bb2 Rh6 0-1

[Event "Zuerich op-A 28th"]
[Site "Zuerich"]
[Date "2004.12.??"]
[Round "4"]
[White "Sarakauskas, Gediminas"]
[Black "Antognini, Francesco"]
[Result "1-0"]
[WhiteElo "2440"]
[BlackElo "2198"]
[PlyCount "47"]
[EventDate "2004.12.26"]
[EventType "swiss"]
[EventRounds "9"]
[EventCountry "SUI"]
[SourceTitle "EXT 2006"]
[Source "ChessBase"]
[SourceDate "2005.11.24"]
[SourceVersion "1"]
[SourceVersionDate "2005.11.24"]
[SourceQuality "1"]

1. Nf3 Nf6 2. c4 e6 3. d4 b6 4. Nc3 Bb4 5. Bg5 h6 6. Bh4 Bb7 7. e3 0-0 8. Bd3 c5 9. 0-0 cxd4 10. exd4 Be7 11. Re1 d5 12. Bxf6 Bxf6 13. cxd5 Bxd5 14. Nxd5 exd5 15. Ne5 g6 16. Qg4 Bg7 17. Nxg6 fxg6 18. Qe6+ Rf7 19. Bxg6 Qd7 20. Bxf7+ Qxf7 21. Qc8+ Kh7 22. Rac1 a5 23. Rc7 Na6 24. Qxa6 1-0

[Event "Bratto op 24th"]
[Site "Bratto"]
[Date "2004.08.26"]
[Round "7"]
[White "Gardi, Giuseppe"]
[Black "Antognini, Francesco"]
[Result "0-1"]
[WhiteElo "2061"]
[BlackElo "2193"]
[PlyCount "134"]
[EventDate "2004.08.20"]
[EventType "swiss"]
[EventRounds "9"]
[EventCountry "ITA"]
[SourceTitle "CBM 101 Extra"]
[Source "ChessBase"]
[SourceDate "2004.09.01"]
[SourceVersion "2"]
[SourceVersionDate "2004.09.01"]
[SourceQuality "1"]

1. d4 Nf6 2. Nf3 g6 3. Bf4 Bg7 4. e3 b6 5. h3 Bb7 6. Be2 d6 7. 0-0 0-0 8. a4 a6 9. c3 Nbd7 10. Na3 Re8 11. Bh2 c5 12. Qb3 Bd5 13. c4 Bb7 14. d5 e5 15. dxe6 fxe6 16. Rad1 Ne4 17. Nd2 Nxd2 18. Rxd2 Qg5 19. Bg4 h5 20. f4 Qh4 21. g3 Qe7 22. Bf3 Bxf3 23. Rxf3 e5 24. Qd3 e4 25. Qd5+ Qe6 26. Rff2 Qxd5 27. Rxd5 Re6 28. Rd1 Nf6 29. Rfd2 Bf8 30. Kg2 Rb8 31. Bg1 Kf7 32. Bf2 Ke7 33. Be1 Kd7 34. Rf2 Kc6 35. Bc3 Ne8 36. g4 Nc7 37. f5 gxf5 38. Rxf5 hxg4 39. hxg4 Bh6 40. Kf2 Rg8 41. Rg1 Reg6 42. Rh5 Bg5 43. Rh8 Rxh8 44. Bxh8 Rh6 45. Bc3 Rh2+ 46. Kg3 Re2 47. Re1 Rxe1 48. Bxe1 Bxe3 49. Kh4 Ne6 50. Nc2 Bg5+ 51. Kh5 Bc1 52. Bc3 d5 53. cxd5+ Kxd5 54. Kg6 Nd4 55. Ne1 Kc4 56. Kf6 Ne2 57. g5 Nxc3 58. bxc3 Bd2 59. Ng2 Bxc3+ 60. Kf7 b5 61. Ne3+ Kd3 62. axb5 axb5 63. Nd5 Bd4 64. Nf6 e3 65. g6 e2 66. g7 e1Q 67. g8Q Qf2 0-1

[Event "Bratto op 24th"]
[Site "Bratto"]
[Date "2004.08.22"]
[Round "3"]
[White "Zanellato, Lorenzo"]
[Black "Antognini, Francesco"]
[Result "1/2-1/2"]
[WhiteElo "2086"]
[BlackElo "2193"]
[PlyCount "90"]
[EventDate "2004.08.20"]
[EventType "swiss"]
[EventRounds "9"]
[EventCountry "ITA"]
[SourceTitle "CBM 101 Extra"]
[Source "ChessBase"]
[SourceDate "2004.09.01"]
[SourceVersion "2"]
[SourceVersionDate "2004.09.01"]
[SourceQuality "1"]

1. d4 e6 2. c4 Nf6 3. Nc3 Bb4 4. Qc2 0-0 5. a3 Bxc3+ 6. Qxc3 b6 7. Bg5 c5 8. dxc5 bxc5 9. e3 Nc6 10. Bd3 Qa5 11. Qxa5 Nxa5 12. Bxf6 gxf6 13. Nf3 Ba6 14. Nd2 d5 15. b4 Bxc4 16. Bxc4 Nxc4 17. Nxc4 dxc4 18. Rc1 cxb4 19. Rxc4 bxa3 20. Rg4+ Kh8 21. Ra4 Rfb8 22. Ke2 Rb2+ 23. Kf3 Rb3 24. Rc1 Kg7 25. Rc7 a5 26. Rc5 Kf8 27. Rc7 f5 28. h3 h5 29. Rc5 Ke7 30. Rcxa5 Rxa5 31. Rxa5 Kd6 32. Kf4 Kc6 33. Kg5 Kb6 34. Ra8 Kb5 35. Kf6 Kb4 36. Kxf7 Rb2 37. f4 a2 38. Kxe6 Rc2 39. Rb8+ Kc4 40. Ra8 Kb4 41. Kf6 h4 42. Kg5 Rd2 43. Ra7 Rc2 44. Ra8 Rd2 45. Ra7 Rc2 1/2-1/2

[Event "Bodensee-Cup 10th"]
[Site "Germany"]
[Date "2004.05.??"]
[Round "?"]
[White "Antognini, Francesco"]
[Black "Hirneise, Tobias"]
[Result "1-0"]
[WhiteElo "2190"]
[BlackElo "1960"]
[PlyCount "53"]
[EventDate "2004.05.??"]
[EventType "team-tourn"]
[EventRounds "3"]
[EventCountry "GER"]
[SourceTitle "EXT 2007"]
[Source "ChessBase"]
[SourceDate "2006.11.23"]
[SourceVersion "1"]
[SourceVersionDate "2006.11.23"]
[SourceQuality "1"]

1. e4 c5 2. Nf3 Nc6 3. d4 cxd4 4. Nxd4 Nf6 5. Nc3 e5 6. Ndb5 d6 7. a4 a6 8. Na3 Bg4 9. f3 Be6 10. Be3 d5 11. exd5 Nxd5 12. Nxd5 Bxd5 13. Nc4 Bxc4 14. Qxd8+ Rxd8 15. Bxc4 Nd4 16. 0-0-0 Be7 17. Rhe1 Rd6 18. f4 Nc6 19. Bd5 f6 20. Bc5 Rd8 21. Bb6 Ra8 22. a5 Bd8 23. Bxc6+ bxc6 24. fxe5 fxe5 25. Rxe5+ Kf7 26. Rd7+ Kf6 27. Bd4 1-0